Science Quiz

Random Science or Math Quiz
Score 0/50 Timer 08:00
0 Plays Today
Surname First name % Correct
NewtonIsaac
79.4%
DescartesRené
62.7%
von NeumannJohn
55.9%
TuringAlan
43.8%
GaussCarl
41%
ErdősPaul
40.1%
PascalBlaise
39.9%
de FermatPierre
39.1%
LaplacePierre-Simon
38.8%
RussellBertrand
38.3%
EulerLeonhard
36.4%
CantorGeorg
34.9%
HilbertDavid
31.1%
PoincaréHenri
30.8%
WeilAndré
30.6%
DirichletLejeune
29%
WilesAndrew
29%
StieltjesThomas
29%
GödelKurt
25.9%
d'AlembertJean
21.1%
LagrangeJoseph
19.2%
DedekindRichard
19%
HermiteCharles
18.9%
LeibnizGottfried
17.8%
GrothendieckAlexander
17.7%
Surname First name % Correct
MandelbrotBenoît
17.1%
FregeGottlob
14.7%
FibonacciLeonardo
13.9%
GaloisÉvariste
13.4%
CayleyArthur
12.3%
MertensFranz
11.4%
AbelNiels
9.9%
KleinFelix
9.4%
MinkowskiHermann
9.4%
RamanujanSrinivasa
9.3%
HeavisideOliver
9.3%
CauchyAugustin-Louis
8.9%
LieSophus
8.1%
BanachStefan
7.4%
PeanoGiuseppe
6.2%
KroneckerLeopold
5.7%
KolmogorovAndrey
5.3%
PoissonSiméon
5%
HardyGodfrey
4.9%
EisensteinFerdinand
4.4%
CurryHaskell
4.2%
MersenneMarin
4%
ChebyshevPafnuty
3.5%
LegendreAdrien-Marie
3.5%
SierpinskiWacław
3.3%

You're not logged in!

Compare scores with friends on all Sporcle quizzes.
OR
Log In

Sporcle TV

Today on Sporcle TV


Watch our educational content, quiz creation guides, and fun videos on Sporcle TV.

Show Comments

Extras

Top Quizzes Today


Score Distribution

Paid Content

Your Account Isn't Verified!

In order to create a playlist on Sporcle, you need to verify the email address you used during registration. Go to your Sporcle Settings to finish the process.

Report this User

Report this user for behavior that violates our Community Guidelines.

Details: